000 00766nam a2200241Ia 4500
003 OSt
005 20220925235955.0
006 a|||||r|||| 00| 0
007 ta
008 220923b |||||||| |||| 00| 0 eng d
020 _a9789386319050
_c1270.75
037 _b1274, 26/11/2014, RESEARCH INDIA PRESS
_cGeneral Book
040 _aRTL
_cRTL
_beng
041 _2eng
_aeng
082 _aU43.2.P, Q4
100 _aRAMACHANDRAN M.
_940528
245 0 _aIndia's urban confusion
_b Challenges and strategies
260 _a New Delhi
_bGopal Publishing Group
_c2014
300 _axi,243p.
_ccm.
650 _aGeography
942 _hU43.2.P, Q4
_cGB
_2CC
999 _c598269
_d598269